10 największych miast polski według powierzchni - Statystyki

Ogólne statystyki
  • Ten quiz został rozwiązany 158 razy
  • Średni wynik to 4 z 9
Statystyki odpowiedzi
powierzchnia w hektarach miasto % Poprawnych
51 724 Warszawa
100%
32 685 Kraków
95%
30 060 Szczecin
64%
29 325 Łódź
57%
29 282 Wrocław
56%
26 191 Gdańsk
43%
27 832 Zielona góra
17%
18 873 Dąbrowa górnicza
8%
20 207 Świnoujście
6%
Nie znaleziono quizów pasujących do podanych kryteriów
Rozkład punktacji
Procent ludzi z każdym wynikiem
Percentyl według liczby udzielonych odpowiedzi
Twoja historia wyników
Nie rozwiązałeś tego quizu